| 000 | 00559nam a2200181 i 4500 | ||
|---|---|---|---|
| 001 | 34084 | ||
| 003 | ES-MaACL | ||
| 005 | 20251003063049.0 | ||
| 007 | t| | ||
| 008 | 030204s1973 sp ||||1| spa d | ||
| 100 | 1 |
_aBöll, Heinrich, _d1917-1985 _929974 |
|
| 245 | 1 | 4 |
_aLos silencios del doctor Murke y otras sátiras / _cHeinrich Böll ; [traductora: Carmen Ituarte]. |
| 260 |
_aMadrid : _bAlianza, _c[1973] |
||
| 300 |
_a159 p. ; _c18 cm. |
||
| 700 | 1 |
_aItuarte, Carmen. _965615 |
|
| 852 |
_aES-MaACL _jE-7360 _bR.91608 |
||
| 999 |
_c34084 _d34084 |
||